[Event "European Rapid 2022"]
[Site "Katowice POL"]
[Date "2022.12.17"]
[Round "2.31"]
[White "Stefansson, Hannes"]
[Black "Delgerdalai, Bayarjavkhlan"]
[Result "1-0"]
[WhiteTitle "GM"]
[WhiteElo "2526"]
[BlackElo "2100"]
[WhiteFideId "2300087"]
[BlackFideId "23727276"]
[EventDate "2022.12.17"]

1. e4 c5 2. Nf3 d6 3. d4 cxd4 4. Nxd4 Nf6 5. Nc3 a6 6. Be2 e5 7. Nf3 Be7 8. O-O
Nc6 9. Bg5 Be6 10. Bxf6 Bxf6 11. Nd5 Bxd5 12. Qxd5 O-O 13. Rfd1 Be7 14. c3 Rc8
15. Nd2 Qc7 16. a4 Rcd8 17. Nc4 g6 18. Qd3 Bg5 19. a5 Kh8 20. Nb6 f5 21. Bf3 Ne7
22. Qe2 d5 23. exf5 e4 24. Bg4 gxf5 25. Bh3 Qe5 26. Ra4 Nc6 27. Ra3 Be7 28. Raa1
Bc5 29. Na4 Ba7 30. b4 f4 31. Nb6 f3 32. Qe3 Bb8 33. g3 Qh5 34. Bf1 Rf6 35. c4
Rh6 36. h3 Qg6 37. Kh1 d4 38. Qc1 Rg8 39. Qb2 Qf5 40. Kh2 Rgg6 41. Rxd4 Be5 42.
Rad1 Nxd4 43. Rxd4 Bxd4 44. Qxd4+ Rg7 45. Qd8+ Rg8 46. Qd4+ Qf6 47. Qxe4 Rhg6
48. Nd5 Qe6 49. Qxf3 R6g7 50. h4 Qe5 51. Bd3 Re8 52. Kg2 Qe6 53. b5 axb5 54.
cxb5 Rd8 55. Nf4 Qe5 56. a6 bxa6 57. bxa6 Qd4 58. Be4 Re8 59. Bb7 Rf8 60. Ng6+
hxg6 61. Qxf8+ Kh7 62. Qf4 Qc5 63. Qe3 Qa5 64. Qe4 Qc5 65. Qd5 Qb6 66. h5 Kh6
67. hxg6 Rxg6 68. Qe4 Rf6 69. Qe3+ 1-0

[Event "European Rapid 2022"]
[Site "Katowice POL"]
[Date "2022.12.17"]
[Round "2.32"]
[White "Cano Sevilla, Ivan"]
[Black "Alonso Rosell, Alvar"]
[Result "0-1"]
[BlackTitle "GM"]
[WhiteElo "2027"]
[BlackElo "2561"]
[WhiteFideId "32043546"]
[BlackFideId "2270544"]
[EventDate "2022.12.17"]

1. d4 Nf6 2. Bf4 d5 3. e3 e6 4. Nd2 c5 5. c3 Nc6 6. Ngf3 Nh5 7. Bd3 Nxf4 8. exf4
Qb6 9. dxc5 Qxb2 10. Rb1 Qxc3 11. Qe2 Qxc5 12. O-O Be7 13. Ne5 a6 14. Rfc1 Qd4
15. g3 Nxe5 16. fxe5 O-O 17. Nb3 Qa4 18. Rc7 Bd8 19. Rc2 b6 20. Rbc1 Bd7 21. Qe3
Bb5 22. Bxb5 axb5 23. Nd4 Be7 24. Qd3 Ba3 25. Rb1 Rfc8 26. Rxc8+ Rxc8 27. Nxb5
Bc5 28. Nc3 Qd4 29. Qxd4 Bxd4 30. Na4 Rc2 31. Nxb6 Rxf2 32. Kh1 g5 33. Nd7 Rxa2
34. h4 gxh4 35. gxh4 Kg7 36. Rf1 Re2 37. h5 Bxe5 38. h6+ Kg6 39. Nf8+ Kxh6 40.
Rxf7 Bg7 41. Nd7 d4 42. Nc5 Re5 43. Rc7 Re3 44. Rd7 Kg6 45. Kg2 h5 46. Re7 e5
47. Re6+ Kf5 48. Re7 Bf6 49. Rf7 h4 50. Rh7 Kg6 51. Rd7 h3+ 52. Kh1 Kf5 53. Rh7
Bg5 54. Rf7+ Kg4 55. Ne6 Re1+ 56. Kh2 Bh6 57. Rd7 Re2+ 0-1

[Event "European Rapid 2022"]
[Site "Katowice POL"]
[Date "2022.12.17"]
[Round "2.33"]
[White "Gavrilescu, David"]
[Black "Bergsson, Stefan"]
[Result "1-0"]
[WhiteTitle "IM"]
[WhiteElo "2522"]
[BlackElo "2172"]
[WhiteFideId "1227190"]
[BlackFideId "2301393"]
[EventDate "2022.12.17"]

1. e4 e5 2. Bc4 Nc6 3. Nc3 Nf6 4. d3 Bc5 5. f4 d6 6. Nf3 Bg4 7. Na4 Bxf3 8. Qxf3
Nd4 9. Qd1 exf4 10. Nxc5 dxc5 11. Bxf4 b5 12. Bb3 Ne6 13. Be3 Qe7 14. O-O Rd8
15. Qf3 O-O 16. a4 c4 17. dxc4 bxc4 18. Bxc4 Qb4 19. b3 Qc3 20. Bxa7 Qxc2 21.
Rae1 Ng5 22. Qf2 Rd2 23. Re2 Rfd8 24. Be3 Ngxe4 25. Rxd2 Rxd2 26. Qf3 Rd8 27. a5
Nd2 28. Bxd2 Qxd2 29. a6 Qa5 30. h3 h5 31. Qe3 Re8 32. Qd4 Re4 33. Bxf7+ Kf8 34.
Qd3 Qb6+ 35. Kh1 Re3 36. Qg6 Qxa6 37. Bc4 Rxh3+ 38. gxh3 Qc6+ 39. Qg2 Qc5 40.
Qd5 1-0

[Event "European Rapid 2022"]
[Site "Katowice POL"]
[Date "2022.12.17"]
[Round "2.34"]
[White "Ponikowski, Dariusz"]
[Black "Huzman, Alexander"]
[Result "0-1"]
[BlackTitle "GM"]
[WhiteElo "2121"]
[BlackElo "2526"]
[WhiteFideId "1133683"]
[BlackFideId "2803828"]
[EventDate "2022.12.17"]

1. c3 Nf6 2. g3 g6 3. Nf3 Bg7 4. Bg2 O-O 5. d4 d6 6. Nbd2 Nbd7 7. e4 e5 8. dxe5
dxe5 9. O-O b6 10. Re1 Qe7 11. Qc2 a5 12. Bf1 Bb7 13. Bc4 Ne8 14. Bd5 c6 15. Bc4
a4 16. Bf1 b5 17. c4 b4 18. b3 a3 19. Bg2 Nc7 20. Nf1 Ne6 21. Be3 c5 22. Rad1
Nd4 23. Bxd4 cxd4 24. N1d2 Nc5 25. Bf1 Bc6 26. Bd3 Qb7 27. Nh4 Rae8 28. Nf1 Bh6
29. Ng2 f5 30. f3 fxe4 31. fxe4 Rf3 32. Nh4 Rxd3 33. Rxd3 Bxe4 34. Rxe4 Qxe4 35.
Qg2 Qxg2+ 0-1

[Event "European Rapid 2022"]
[Site "Katowice POL"]
[Date "2022.12.17"]
[Round "2.35"]
[White "Grzesik, Gracjan"]
[Black "Keinanen, Toivo"]
[Result "0-1"]
[BlackTitle "IM"]
[WhiteElo "2148"]
[BlackElo "2508"]
[WhiteFideId "1194593"]
[BlackFideId "509825"]
[EventDate "2022.12.17"]

1. c4 e6 2. Nc3 d5 3. d4 Nf6 4. cxd5 exd5 5. Bg5 c6 6. e3 Bd6 7. Bd3 O-O 8. Nge2
Re8 9. Qc2 h6 10. Bh4 a5 11. h3 Na6 12. a3 Nc7 13. O-O Ne6 14. f3 Ng5 15. e4
Nfxe4 16. fxe4 Nxh3+ 17. gxh3 Qxh4 18. e5 Rxe5 19. Bf5 Qg5+ 20. Bg4 Bxg4 21.
hxg4 Qxg4+ 22. Kf2 Qh4+ 23. Kf3 Qh3+ 24. Kf2 Rf5+ 0-1

[Event "European Rapid 2022"]
[Site "Katowice POL"]
[Date "2022.12.17"]
[Round "2.36"]
[White "Sebenik, Matej"]
[Black "Wilk, Igor"]
[Result "1-0"]
[WhiteTitle "GM"]
[WhiteElo "2538"]
[BlackElo "2030"]
[WhiteFideId "14602296"]
[BlackFideId "21831580"]
[EventDate "2022.12.17"]

1. Nf3 d5 2. g3 Nf6 3. Bg2 e6 4. c4 Be7 5. d4 O-O 6. O-O dxc4 7. Qa4 a6 8. Qxc4
b5 9. Qc2 Bb7 10. Bf4 Bd6 11. Nbd2 Bxf4 12. gxf4 Qd6 13. e3 Nbd7 14. Nb3 Be4 15.
Qd2 Qd5 16. Qd1 Rac8 17. Nbd2 Bg6 18. b4 Qd6 19. a3 Ne4 20. Nb3 Nb6 21. Rc1 Nc4
22. Ne5 Nxe5 23. fxe5 Qe7 24. f3 Ng5 25. h4 Nxf3+ 26. Qxf3 Qxh4 27. Nc5 Bf5 28.
Qf4 Qh5 29. d5 g5 30. Qg3 Kh8 31. d6 cxd6 32. exd6 Qg6 33. e4 1-0

[Event "European Rapid 2022"]
[Site "Katowice POL"]
[Date "2022.12.17"]
[Round "2.37"]
[White "Mayrhuber, Nikola"]
[Black "Drozdowski, Kacper"]
[Result "0-1"]
[WhiteTitle "WFM"]
[BlackTitle "IM"]
[WhiteElo "2106"]
[BlackElo "2448"]
[WhiteFideId "1637819"]
[BlackFideId "1136720"]
[EventDate "2022.12.17"]

1. d4 d5 2. c4 c6 3. Nf3 Nf6 4. Nc3 a6 5. e3 e6 6. b3 c5 7. Bd3 dxc4 8. bxc4 Nc6
9. O-O cxd4 10. exd4 Nxd4 11. Nxd4 Qxd4 12. Qc2 Bc5 13. Be3 Qe5 14. Bxc5 Qxc5
15. Ne4 Nxe4 16. Bxe4 h6 17. Rab1 Rb8 18. Qc3 O-O 19. Qg3 e5 20. Bd5 Qc7 21.
Rfe1 Re8 22. Qg6 Be6 23. Qe4 Bxd5 24. cxd5 Rbd8 25. d6 Qxd6 26. Rxb7 Qe6 27. Qa4
Rd6 28. h3 e4 29. Rb4 f5 30. g4 Qg6 31. Qb3+ Kh7 32. Qg3 Rd3 33. Qg2 f4 34. Qf1
Rd2 35. Re2 e3 36. fxe3 fxe3 37. Rb2 Red8 38. Kg2 Qd3 39. Qf5+ Qxf5 40. gxf5
Rxb2 41. Rxb2 Rd2+ 0-1

[Event "European Rapid 2022"]
[Site "Katowice POL"]
[Date "2022.12.17"]
[Round "2.38"]
[White "Dvirnyy, Danyyil"]
[Black "Jarocka, Liwia"]
[Result "1-0"]
[WhiteTitle "GM"]
[BlackTitle "FM"]
[WhiteElo "2530"]
[BlackElo "2143"]
[WhiteFideId "817570"]
[BlackFideId "21807558"]
[EventDate "2022.12.17"]

1. e4 c5 2. Nf3 d6 3. Nc3 Nc6 4. d4 cxd4 5. Nxd4 Nf6 6. Bg5 e6 7. Qd2 a6 8.
O-O-O h6 9. Nxc6 bxc6 10. Bf4 d5 11. Qe3 Bb4 12. a3 Be7 13. Be2 Qa5 14. exd5
cxd5 15. g4 Bd7 16. h4 Rc8 17. Be5 Bc6 18. Rhg1 Rg8 19. g5 hxg5 20. hxg5 Nd7 21.
Bd4 g6 22. f4 Nc5 23. Kb1 Na4 24. Nxa4 Qxa4 25. Rd2 Rb8 26. Ka2 Bb5 27. f5 Bc4+
28. Bxc4 Qxc4+ 29. b3 Qc6 30. fxe6 fxe6 31. Re1 Kd7 32. c4 Qd6 33. Bb2 Rge8 34.
cxd5 exd5 35. Qa7+ Kd8 36. Rc1 Rc8 37. Rcd1 Rc5 38. b4 Rb5 39. a4 Bxg5 40. axb5
Bxd2 41. Rxd2 axb5 42. Qa8+ Ke7 43. Re2+ 1-0

[Event "European Rapid 2022"]
[Site "Katowice POL"]
[Date "2022.12.17"]
[Round "2.39"]
[White "Sowinski, Pawel"]
[Black "Nasuta, Grzegorz"]
[Result "0-1"]
[BlackTitle "GM"]
[WhiteElo "2064"]
[BlackElo "2546"]
[WhiteFideId "21881979"]
[BlackFideId "1141686"]
[EventDate "2022.12.17"]

1. c4 e6 2. Nf3 d5 3. e3 Nf6 4. b3 c6 5. Bb2 Bd6 6. d4 Nbd7 7. Nc3 O-O 8. Be2 b6
9. O-O Bb7 10. Rc1 Qe7 11. Qc2 Rac8 12. Rfd1 Rfd8 13. Qb1 h6 14. h3 Nf8 15. Bd3
dxc4 16. bxc4 c5 17. Ne4 Nxe4 18. Bxe4 cxd4 19. exd4 Bxe4 20. Qxe4 Ng6 21. h4
Ba3 22. Bxa3 Qxa3 23. h5 Nf8 24. Rc2 Nd7 25. Qf4 Qe7 26. g4 b5 27. g5 bxc4 28.
gxh6 Qf6 29. Qxf6 gxf6 30. Nd2 Nb6 31. Ne4 Nd5 32. Rdc1 f5 33. Ng5 c3 34. Kh2
Kf8 35. Re2 Ke7 36. h7 Kf6 37. Nf3 Rh8 38. Ne5 Rxh7 0-1

[Event "European Rapid 2022"]
[Site "Katowice POL"]
[Date "2022.12.17"]
[Round "2.41"]
[White "Dubnevych, Maksym"]
[Black "Tazbir, Marcin"]
[Result "0-1"]
[BlackTitle "GM"]
[WhiteElo "2139"]
[BlackElo "2508"]
[WhiteFideId "14184001"]
[BlackFideId "1122452"]
[EventDate "2022.12.17"]

1. d4 d5 2. Nc3 Nf6 3. Bf4 a6 4. e3 e6 5. Nf3 c5 6. Ne5 Nbd7 7. Be2 Be7 8. O-O
O-O 9. Na4 Nxe5 10. Bxe5 Nd7 11. Bg3 b5 12. Nxc5 Nxc5 13. dxc5 Bxc5 14. c3 Bb7
15. b4 Be7 16. Qd4 Bf6 17. Be5 Bxe5 18. Qxe5 Bc6 19. Rfd1 Qe7 20. Bf3 f6 21. Qd4
Rfd8 22. Rd2 Qa7 23. Qxa7 Rxa7 24. e4 Rad7 25. Rad1 Kf7 26. Kf1 Ke7 27. exd5
Bxd5 28. Bxd5 exd5 29. Ke2 Rc7 30. Rd3 Rc4 31. a3 Ke6 32. Kd2 d4 33. Ke2 Ke5 34.
cxd4+ Rdxd4 35. Ke3 Rxd3+ 36. Rxd3 g5 37. g3 h5 38. h3 Rc1 39. Kf3 Rc4 40. Ke3
f5 41. h4 gxh4 42. f4+ Ke6 43. gxh4 Rc1 44. Kf3 Rh1 45. Kg3 Rg1+ 46. Kf3 Rg4 47.
Rc3 Rxh4 48. Rc6+ Kd5 49. Rxa6 Rh3+ 50. Kg2 Rb3 51. a4 Rxb4 52. axb5 Ke4 53. Kg3
Rb3+ 54. Kh4 Kxf4 55. Ra4+ Kf3 56. Kxh5 f4 57. Kh4 Ke3 58. Kg4 f3 59. Rf4 Kf2
60. Kh3 Rxb5 61. Rh4 Kf1 62. Kg3 f2 63. Rf4 Rg5+ 64. Kh2 Ke2 65. Re4+ Kf3 66.
Rh4 f1=R 67. Rh3+ Kf2 68. Rh4 Rg2+ 0-1

[Event "European Rapid 2022"]
[Site "Katowice POL"]
[Date "2022.12.17"]
[Round "2.42"]
[White "Saraci, Nderim"]
[Black "Dzhuguryan, Tygran"]
[Result "1/2-1/2"]
[WhiteTitle "IM"]
[WhiteElo "2468"]
[BlackElo "2134"]
[WhiteFideId "6351921"]
[BlackFideId "21872988"]
[EventDate "2022.12.17"]

1. d4 Nf6 2. c4 e6 3. Nf3 d5 4. g3 Bb4+ 5. Bd2 Be7 6. Bg2 O-O 7. O-O dxc4 8. Qc2
Na6 9. Qxc4 c5 10. dxc5 Nxc5 11. Nc3 b6 12. Rfd1 Ba6 13. Qd4 Bb7 14. Bf4 Qxd4
15. Nxd4 Bxg2 16. Kxg2 Nfe4 17. Nxe4 Nxe4 18. f3 Nc5 19. Rac1 Bf6 20. b4 Na4 21.
Nb5 a5 22. Bd6 Rfd8 23. e4 Bb2 24. Rb1 axb4 25. Bxb4 Rac8 26. Rxd8+ Rxd8 27. Re1
Rc8 28. Re2 Rc4 29. a3 h5 30. Kf2 Bc1 31. Nd6 Rc6 32. Nb5 Rc4 33. f4 Nc5 34. Kf3
Nd3 35. Bd6 Nc5 36. Bxc5 Rxc5 37. a4 Rc4 38. Ra2 g5 39. fxg5 Bxg5 40. a5 bxa5
41. Rxa5 Rc5 42. Ra8+ Kg7 43. Nd6 Rc3+ 44. Kg2 Rc2+ 45. Kf3 Rc3+ 46. Kg2 Rc2+
47. Kh3 Be3 48. Ra1 Rd2 49. Nc4 Rd3 50. Rf1 Bd4 51. Nd6 f6 52. Ne8+ Kg6 53. Nc7
Kf7 54. Na6 Re3 55. Rf4 Kg6 56. Nb4 Re2 57. Rf1 Rxe4 58. Nd3 Be5 59. Nc5 Re2 60.
Nxe6 Bxg3 61. Nd4 Re4 62. hxg3 Rxd4 63. Rb1 Rd3 64. Rb5 f5 65. Rb4 Kg5 66. Kg2
Re3 67. Rc4 Re4 68. Rc8 h4 69. Rg8+ Kf6 70. Rf8+ Kg6 71. gxh4 Rxh4 72. Kf3 Rb4
73. Rc8 Kg5 74. Rg8+ Kf6 1/2-1/2

[Event "European Rapid 2022"]
[Site "Katowice POL"]
[Date "2022.12.17"]
[Round "2.43"]
[White "Malik, Maciej"]
[Black "Davies, Nigel R"]
[Result "1-0"]
[BlackTitle "GM"]
[WhiteElo "1954"]
[BlackElo "2398"]
[WhiteFideId "21007071"]
[BlackFideId "404420"]
[EventDate "2022.12.17"]

1. e4 c5 2. d4 cxd4 3. c3 d3 4. Bxd3 d6 5. f4 e6 6. Nf3 Nd7 7. O-O Qc7 8. Be3
Ngf6 9. Bc2 Be7 10. h3 O-O 11. Nbd2 b6 12. Qe2 Bb7 13. Rad1 Nc5 14. Bd4 Rad8 15.
Rfe1 g6 16. Qf2 d5 17. Bxf6 Bxf6 18. e5 Bg7 19. Nd4 a6 20. Qg3 Rde8 21. N2f3 Ne4
22. Bxe4 dxe4 23. Ng5 b5 24. Nxe4 Bxe4 25. Rxe4 Rd8 26. h4 Rd5 27. Rf1 Rfd8 28.
h5 b4 29. Qh3 Qb6 30. Kh2 a5 31. h6 Bf8 32. Qh4 Qb7 33. f5 exf5 34. Nxf5 Qc7 35.
cxb4 axb4 36. Qg3 Re8 37. Rfe1 Re6 38. Ng7 Bxg7 39. hxg7 Qb7 40. Qf4 Rb5 41. Qh6
Qb8 42. Rh4 1-0

[Event "European Rapid 2022"]
[Site "Katowice POL"]
[Date "2022.12.17"]
[Round "2.44"]
[White "Abdrlauf, Elham"]
[Black "Grochowski, Krzysztof"]
[Result "1-0"]
[WhiteTitle "IM"]
[WhiteElo "2518"]
[BlackElo "2035"]
[WhiteFideId "1533533"]
[BlackFideId "1127730"]
[EventDate "2022.12.17"]

1. e4 c6 2. d4 d5 3. Nc3 dxe4 4. Nxe4 Bf5 5. Ng3 Bg6 6. h4 h6 7. Nf3 Nd7 8. h5
Bh7 9. Bd3 Bxd3 10. Qxd3 e6 11. Bd2 Ngf6 12. O-O-O Qc7 13. Qe2 O-O-O 14. Ne5 Nb6
15. Ba5 Bd6 16. Rhe1 c5 17. dxc5 Bxc5 18. Kb1 Rxd1+ 19. Rxd1 Rd8 20. Rxd8+ Kxd8
21. Nd3 Bd6 22. Ne4 Be7 23. Nxf6 Bxf6 24. Qe4 Qc6 25. Qb4 Ke8 26. Bxb6 Qxb6 27.
Qxb6 axb6 28. c4 Bd4 29. Kc2 g6 30. hxg6 fxg6 31. f3 Ke7 32. b4 h5 33. Nf4 Kf6
34. Kd3 Be5 35. Ke4 Bc3 36. Nd3 g5 37. a4 Bd2 38. c5 bxc5 39. Nxc5 Bxb4 40. Nxb7
Be1 41. a5 Bg3 42. a6 Bb8 43. Na5 Ba7 44. Nc6 Bb6 45. a7 Bxa7 46. Nxa7 h4 47.
Nc6 g4 48. fxg4 Kg5 49. Ne5 1-0

[Event "European Rapid 2022"]
[Site "Katowice POL"]
[Date "2022.12.17"]
[Round "2.45"]
[White "Schneider, Ilja"]
[Black "Fistek, Dariusz"]
[Result "1-0"]
[WhiteTitle "IM"]
[WhiteElo "2483"]
[BlackElo "2158"]
[WhiteFideId "4663306"]
[BlackFideId "1132210"]
[EventDate "2022.12.17"]

1. e4 c5 2. Nc3 Nc6 3. Bb5 Nd4 4. Nf3 Nxb5 5. Nxb5 a6 6. Nc3 e6 7. d4 cxd4 8.
Qxd4 Qc7 9. O-O Ne7 10. Re1 Nc6 11. Nd5 Nxd4 12. Nxc7+ Kd8 13. Nxa8 Nxc2 14. Nb6
Nxa1 15. Be3 d6 16. Ng5 Ke8 17. Rxa1 h6 18. Rc1 Bd7 19. Nxf7 Rg8 20. Nxd6+ Bxd6
21. Rd1 Bxh2+ 22. Kxh2 Bc6 23. f3 g5 24. Nc4 h5 25. Ne5 Bb5 26. b3 Ke7 27. a4
Be8 28. Rc1 Kd6 29. Nc4+ Ke7 30. Bc5+ Kf6 31. Bd4+ Ke7 32. Ne5 Kd6 33. Rc8 g4
34. fxg4 hxg4 35. Kg3 b5 36. a5 b4 37. Nc4+ Kd7 38. Nb6+ Kd6 39. e5+ Ke7 40.
Bc5+ Kf7 41. Nc4 1-0

[Event "European Rapid 2022"]
[Site "Katowice POL"]
[Date "2022.12.17"]
[Round "2.46"]
[White "Licznerski, Lukasz"]
[Black "Warchol, Kamil"]
[Result "1-0"]
[WhiteTitle "IM"]
[BlackTitle "FM"]
[WhiteElo "2441"]
[BlackElo "2164"]
[WhiteFideId "1179250"]
[BlackFideId "21858241"]
[EventDate "2022.12.17"]

1. e4 c5 2. Nf3 e6 3. d4 cxd4 4. Nxd4 Nc6 5. Nc3 Qc7 6. Be2 a6 7. O-O b5 8. Nxc6
Qxc6 9. a4 b4 10. Na2 Qc7 11. Qd4 Rb8 12. Bd2 Qc5 13. c3 bxc3 14. bxc3 Nf6 15.
Rfb1 Ra8 16. e5 Nd5 17. Bf3 Ra7 18. Rb8 Rc7 19. Bxd5 Qxd5 20. Qxd5 exd5 21. Nb4
Bxb4 22. cxb4 O-O 23. Rc1 Rc4 24. f3 d6 25. exd6 Bd7 26. Rb7 Bxa4 27. Rxc4 dxc4
28. b5 Bxb5 29. d7 h6 30. Ba5 Bxd7 31. Rxd7 Kh7 32. Rc7 f6 33. Rxc4 1-0

[Event "European Rapid 2022"]
[Site "Katowice POL"]
[Date "2022.12.17"]
[Round "2.47"]
[White "Van Hoolandt, Patrick"]
[Black "Seo, Jung Min"]
[Result "0-1"]
[WhiteTitle "FM"]
[BlackTitle "IM"]
[WhiteElo "2010"]
[BlackElo "2502"]
[WhiteFideId "200999"]
[BlackFideId "1734687"]
[EventDate "2022.12.17"]

1. d4 Nf6 2. c4 g6 3. Nc3 Bg7 4. e4 d6 5. Nf3 O-O 6. Be3 Nc6 7. d5 Nb8 8. h3 c6
9. Be2 a6 10. O-O b5 11. dxc6 b4 12. Na4 Nxc6 13. Nb6 Rb8 14. Nxc8 Qxc8 15. Qc2
Nd7 16. Rac1 Qb7 17. b3 a5 18. Nd2 Nd4 19. Qd1 Nc5 20. f3 Ra8 21. Re1 a4 22. Rb1
e5 23. Bxd4 exd4 24. Nf1 axb3 25. axb3 Ra2 26. Bd3 Rfa8 27. Re2 R2a3 28. Reb2
Qe7 29. Qc2 Qg5 30. Rd1 Be5 31. Qd2 Qxd2 32. Rdxd2 Rxb3 33. g3 Rxb2 0-1

[Event "European Rapid 2022"]
[Site "Katowice POL"]
[Date "2022.12.17"]
[Round "2.48"]
[White "Hjartarson, Johann"]
[Black "Radzikowski, Dawid"]
[Result "0-1"]
[WhiteTitle "GM"]
[WhiteElo "2476"]
[BlackElo "2007"]
[WhiteFideId "2300044"]
[BlackFideId "1140566"]
[EventDate "2022.12.17"]

1. c4 e5 2. g3 Nc6 3. Bg2 d6 4. Nc3 Be6 5. d3 Qd7 6. Rb1 g6 7. b4 Bg7 8. b5 Nd8
9. a4 Rc8 10. e3 Ne7 11. Nd5 h6 12. Ba3 O-O 13. Nxe7+ Qxe7 14. Ne2 f5 15. O-O g5
16. Nc3 f4 17. a5 Qd7 18. Ne4 Bh3 19. b6 Bxg2 20. Kxg2 f3+ 21. Kh1 axb6 22. axb6
c5 23. Rg1 g4 24. Nc3 Ra8 25. Bc1 Ne6 26. Nd5 Ng5 27. Qc2 Ra6 28. e4 Nh3 29. Rf1
Rfa8 30. Nc7 Ra2 31. Rb2 Qa4 32. Rxa2 Qxa2 33. Bb2 Ra3 34. Qd2 Rb3 35. Bc1 Qxd2
36. Bxd2 Rxb6 37. Be3 Rb3 38. Rd1 Bf6 39. Nd5 Bg5 40. Rf1 Bxe3 41. fxe3 Rxd3 42.
Nf6+ Kg7 43. Nd5 Nf2+ 44. Kg1 Nxe4 45. Rb1 Kg6 46. Ne7+ Kg5 47. Nd5 h5 48. Ra1
h4 49. gxh4+ Kxh4 50. Ne7 Rc3 0-1

[Event "European Rapid 2022"]
[Site "Katowice POL"]
[Date "2022.12.17"]
[Round "2.49"]
[White "Kanli, Kaan"]
[Black "Kirk, Ezra"]
[Result "1-0"]
[BlackTitle "IM"]
[WhiteElo "2006"]
[BlackElo "2432"]
[WhiteFideId "6309836"]
[BlackFideId "600067"]
[EventDate "2022.12.17"]

1. e4 e6 2. d4 d5 3. Nd2 Be7 4. c3 c5 5. Ngf3 Nf6 6. e5 Nfd7 7. a3 Nc6 8. b4
cxd4 9. cxd4 a6 10. Bd3 g5 11. h3 h5 12. Nb3 Nb6 13. Qe2 Bd7 14. Nc5 Ra7 15. Be3
Na8 16. Rc1 Nc7 17. Qd2 Rg8 18. g4 h4 19. O-O f6 20. exf6 Bxf6 21. a4 Na8 22.
Nxd7 Qxd7 23. b5 axb5 24. axb5 Ne7 25. Bxg5 Bxg5 26. Nxg5 Ra3 27. Ra1 Rxa1 28.
Rxa1 Nb6 29. Re1 Nc4 30. Bxc4 dxc4 31. Nxe6 Rg6 32. d5 Kf7 33. Qf4+ Rf6 34. Qg5
Ng6 35. Qh5 Kg8 36. Ra1 Qc8 37. Qg5 Rxe6 38. dxe6 Qxe6 39. Qd8+ Kg7 40. Qd4+ Kh7
41. Ra7 Ne5 42. Rxb7+ Kg6 43. Qe4+ Kf6 44. Rh7 Qe8 45. Qf5# 1-0

[Event "European Rapid 2022"]
[Site "Katowice POL"]
[Date "2022.12.17"]
[Round "2.50"]
[White "Cramling, Pia"]
[Black "Zamekhovskiy, Yevgen"]
[Result "1/2-1/2"]
[WhiteTitle "GM"]
[WhiteElo "2463"]
[BlackElo "2095"]
[WhiteFideId "1700030"]
[BlackFideId "14174413"]
[EventDate "2022.12.17"]

1. d4 Nf6 2. c4 g6 3. Nc3 Bg7 4. e4 d6 5. Nf3 O-O 6. Be2 e5 7. d5 Na6 8. Be3 Ng4
9. Bg5 f6 10. Bh4 Qe8 11. Nd2 Nh6 12. a3 f5 13. b4 fxe4 14. Ndxe4 Nf5 15. Bg5 h6
16. Bd2 Nd4 17. O-O Qe7 18. Rc1 Bd7 19. Be3 Bf5 20. c5 Nb8 21. Bd3 a6 22. Re1
Qd8 23. Rb1 Rf7 24. a4 Qf8 25. a5 b6 26. c6 b5 27. Rb2 Qd8 28. f3 Nbxc6 29. dxc6
d5 30. Nc5 Qd6 31. Bxf5 Rxf5 32. Bxd4 exd4 33. Na2 d3 34. Rd2 Bd4+ 35. Kh1 Qxh2+
36. Kxh2 Rh5+ 37. Kg3 Rg5+ 38. Kh3 Rh5+ 1/2-1/2

[Event "European Rapid 2022"]
[Site "Katowice POL"]
[Date "2022.12.17"]
[Round "2.51"]
[White "Kulesza, Andrzej"]
[Black "Drazic, Sinisa"]
[Result "1/2-1/2"]
[BlackTitle "GM"]
[WhiteElo "2053"]
[BlackElo "2372"]
[WhiteFideId "21836264"]
[BlackFideId "901172"]
[EventDate "2022.12.17"]

1. e4 e6 2. d4 d5 3. Nd2 h6 4. Ngf3 Nf6 5. e5 Ne4 6. Bd3 Nxd2 7. Bxd2 c5 8. c3
Qb6 9. Rb1 cxd4 10. Nxd4 Nc6 11. Nxc6 bxc6 12. O-O Ba6 13. Be3 Qb7 14. b4 Bxd3
15. Qxd3 Be7 16. c4 O-O 17. b5 Rfd8 18. a4 Rac8 19. cxd5 Rxd5 20. bxc6 Qxc6 21.
Qe4 a5 22. Rbc1 Qd7 23. h3 Rb8 24. Rc4 Rb4 25. Kh2 Rxc4 26. Qxc4 Rxe5 27. Rc1
Rd5 28. g3 Bb4 29. Qf4 Bd6 30. Qg4 h5 31. Qe4 Ba3 32. Rc4 Bb4 33. Qc2 Qe7 34.
Bb6 f5 35. Qe2 Qf7 36. Rc6 f4 37. Qxe6 fxg3+ 38. Kxg3 Rd3+ 39. Kg2 Qxe6 40. Rxe6
Ra3 41. Re5 Rxa4 42. Rxh5 Ra2 43. Rb5 Bc3 44. Rc5 Ra3 45. Rc4 Rb3 46. Be3 Kf7
47. Rc7+ Ke6 48. Ra7 Rb5 49. Rc7 Be5 50. Ra7 Bc3 51. Rc7 Rb3 52. Ra7 Kd5 53. Kf3
Kc4 54. Ke4 Rb8 55. Bf4 Re8+ 56. Kf5 Rf8+ 57. Kg4 Kb3 58. Rb7+ Kc4 59. Rc7+ Kd3
60. Ra7 Kc4 61. Be3 Kb5 62. Rb7+ Kc6 63. Rb6+ Kd5 64. Ra6 Rc8 65. h4 Rc4+ 66.
Kg5 Bf6+ 67. Kg6 a4 68. h5 Bb2 69. Ra5+ Kc6 70. Ra6+ Kc7 71. Ra7+ Kb8 72. Ra5 a3
73. Bc5 Rg4+ 74. Kh7 Rh4 75. Bxa3 Bxa3 76. Rxa3 Rxh5+ 77. Kxg7 Rf5 78. f3 Kc7
79. Rd3 Kc6 80. Kg6 Rf8 81. Kg5 Rg8+ 82. Kf5 Rf8+ 83. Kg4 Rg8+ 84. Kh4 Rh8+ 85.
Kg3 Rg8+ 86. Kf2 Rf8 87. Rd4 Kc5 88. Re4 Kd5 89. Ke3 Rf5 90. f4 Rh5 91. Re8 Rh3+
92. Kf2 Kd6 93. Kg2 Rh7 94. Kg3 Re7 95. Rg8 Ke6 96. Kg4 Kf7 97. Rg5 Re4 98. Ra5
Re6 99. Ra7+ Kf6 100. Rh7 Re1 101. Rh6+ Kg7 102. Ra6 Rb1 103. Kg5 Rb5+ 104. f5
Rb7 105. Rg6+ Kf8 106. Rh6 Rg7+ 107. Kf6 Rf7+ 108. Ke5 Re7+ 109. Re6 Ra7 110.
Kf4 Rb7 111. Kg5 Rg7+ 112. Rg6 1/2-1/2